000 00454nam a2200181 a 4500
005 20140310183233.0
008 041123s19uu xx 00 eng d
050 _aR 725
_b.N277 1991
100 _aNTTC.
245 _aAutonomy :
_bbioethics 2 /
_cNTTC.
260 _c1991.
300 _a20 p. :
_c22 cm.
650 _aMedical ethics.
650 _aBioethics
_xPhilosophy.
_xAutonomy.
942 _cBK
_2lcc
_kLOC
999 _c20527
_d20527